Overview of United States law

Saved in:
Bibliografiske detaljer
Main Authors: Podgor, Ellen S (Author), Cooper, John F (Author)
Format: Bog
Sprog:engelsk
Udgivet: San Francisco Lexis Nexis 2009
Udgivelse:1a. ed
Fag:
Tags: Tilføj Tag
Ingen Tags, Vær først til at tagge denne postø!

MARC

LEADER 00000nam a2200000 a 4500
001 UCH9326
003 CL-VaPUC
008 091231e20090000US |||||||||||||||||eng|d
020 |a 9781422421444 
082 0 4 |a 349.7322  |b POD  |2 21 
100 0 |a Podgor, Ellen S  |e author  |9 546297 
700 0 |a Cooper, John F  |e author  |9 546298 
245 1 0 |a Overview of United States law 
250 |a 1a. ed 
300 |a 420 p 
942 |c BK 
945 |d 20091231 00:00:00  |a dcastane 
260 |a San Francisco  |b Lexis Nexis  |c 2009 
650 0 |a Derecho americano  |9 395047 
650 0 |a Contratos  |9 255153 
650 0 |a Obligaciones   |9 255578 
650 0 |a Derecho comercial   |9 256340 
650 7 |a JUSTICIA CRIMINAL  |2 CL-VaPUC  |9 439912 
650 0 |a Procedimiento civil  |9 254870 
650 0 |a Ley de propiedad   |9 546299 
650 0 |a Derecho de familia  |9 255603 
651 0 |a Estados Unidos  |9 255178 
583 |a last modification  |c 20091231 00:00:00  |k Rodrigo Vera 
999 |c 339315  |d 339313 
952 |0 0  |1 0  |4 0  |6 349_732200000000000_POD_2009  |7 0  |8 A  |9 432893  |a BIBDER  |b BIBDER  |d 2019-11-22  |i 4631056  |o 349.7322 POD 2009  |p 4631056  |r 2023-01-25  |w 2019-11-22  |y BK  |k DER